[Event "HUN-chT2 Asztalos 1617"]
[Site "Hungary"]
[Date "2017.02.26"]
[Round "9.6"]
[White "Percze, Janos"]
[Black "Arato, Bela"]
[Result "1/2-1/2"]
[WhiteElo "2119"]
[BlackElo "2080"]
[PlyCount "41"]
[EventDate "2016.09.25"]
[EventType "team-tourn"]
[EventRounds "11"]
[EventCountry "HUN"]
[SourceTitle "EXT 2021"]
[Source "ChessBase"]
[SourceDate "2020.10.23"]
[SourceVersion "1"]
[SourceVersionDate "2020.10.23"]
[SourceQuality "1"]
[WhiteTeam "Nagyatad"]
[BlackTeam "Baja"]
[WhiteTeamCountry "HUN"]
[BlackTeamCountry "HUN"]

1. c4 Nf6 2. Nc3 g6 3. e4 d6 4. d4 Bg7 5. Nge2 0-0 6. Ng3 e5 7. d5 c6 8. Be2 a6 9. a4 cxd5 10. cxd5 h5 11. Bg5 Nbd7 12. 0-0 Qb6 13. Rb1 Nh7 14. Be3 Qd8 15. b4 h4 16. Nh1 f5 17. Qc2 f4 18. Bd2 f3 19. Bxf3 Rxf3 20. gxf3 Ng5 21. Qd3 1/2-1/2

[Event "HUN-chT2 Asztalos 1112"]
[Site "Hungary"]
[Date "2011.11.13"]
[Round "3.2"]
[White "Arato, Bela"]
[Black "Szabo, Richard"]
[Result "0-1"]
[WhiteElo "2122"]
[BlackElo "2227"]
[PlyCount "82"]
[EventDate "2011.09.25"]
[EventType "team-tourn"]
[EventRounds "11"]
[EventCountry "HUN"]
[SourceTitle "EXT 2013"]
[Source "ChessBase"]
[SourceDate "2012.11.22"]
[SourceVersion "1"]
[SourceVersionDate "2012.11.22"]
[SourceQuality "1"]
[WhiteTeam "Mohacs"]
[BlackTeam "Decs II"]
[WhiteTeamCountry "HUN"]
[BlackTeamCountry "HUN"]

1. e4 e6 2. d4 d5 3. Nc3 Bb4 4. e5 b6 5. Qg4 Bf8 6. Bg5 Qd7 7. Nf3 Ba6 8. Bxa6 Nxa6 9. 0-0 Ne7 10. Bxe7 Qxe7 11. Ng5 h6 12. Nh3 c6 13. Nf4 Nc7 14. Nh5 0-0-0 15. a3 g6 16. Nf4 h5 17. Qg3 g5 18. Nd3 f5 19. exf6 Qxf6 20. Ne5 Bd6 21. f4 gxf4 22. Qxf4 Qxf4 23. Rxf4 c5 24. Ne2 cxd4 25. Nf7 Bxf4 26. Nxf4 Rhf8 27. Nxd8 Rxf4 28. Nc6 Kd7 29. Ne5+ Kd6 30. Nf3 e5 31. Rd1 Ne6 32. h3 Ng7 33. Kf2 h4 34. Kg1 Nf5 35. Rd2 Ne3 36. b3 Nf5 37. Re2 e4 38. Ne1 Ng3 39. Rf2 Ke5 40. Rxf4 Kxf4 41. Kf2 a6 0-1

[Event "HUN-chT2 Asztalos 1011"]
[Site "Hungary"]
[Date "2011.04.10"]
[Round "8.2"]
[White "Babits, Andras"]
[Black "Arato, Bela"]
[Result "1-0"]
[WhiteElo "2158"]
[BlackElo "2122"]
[PlyCount "45"]
[EventDate "2010.09.12"]
[EventType "team-tourn"]
[EventRounds "11"]
[EventCountry "HUN"]
[SourceTitle "EXT 2012"]
[Source "ChessBase"]
[SourceDate "2011.11.24"]
[SourceVersion "1"]
[SourceVersionDate "2011.11.24"]
[SourceQuality "1"]
[WhiteTeam "Marcali"]
[BlackTeam "Mohacs"]
[WhiteTeamCountry "HUN"]
[BlackTeamCountry "HUN"]

1. e4 c5 2. b3 d6 3. Bb2 Nf6 4. Bb5+ Nc6 5. Bxc6+ bxc6 6. d3 Qa5+ 7. Nd2 c4 8. bxc4 Rb8 9. Bd4 e5 10. Be3 Ng4 11. Ngf3 Nxe3 12. fxe3 Be7 13. 0-0 Rb2 14. Nb3 Qc3 15. Ne1 Bg5 16. Kh1 0-0 17. Qc1 Bh4 18. Nf3 Rxc2 19. Qa3 Bf2 20. Qxd6 Bxe3 21. Nxe5 Qb2 22. Nxf7 Rxg2 23. Nh6+ 1-0

[Event "HUN-chT2 Asztalos 1011"]
[Site "Hungary"]
[Date "2010.11.07"]
[Round "5.2"]
[White "Arato, Bela"]
[Black "Miovecz, Janos"]
[Result "1/2-1/2"]
[WhiteElo "2122"]
[BlackElo "2106"]
[PlyCount "95"]
[EventDate "2010.09.12"]
[EventType "team-tourn"]
[EventRounds "11"]
[EventCountry "HUN"]
[SourceTitle "EXT 2012"]
[Source "ChessBase"]
[SourceDate "2011.11.24"]
[SourceVersion "1"]
[SourceVersionDate "2011.11.24"]
[SourceQuality "1"]
[WhiteTeam "Mohacs"]
[BlackTeam "Kaposvar Bastya"]
[WhiteTeamCountry "HUN"]
[BlackTeamCountry "HUN"]

1. e4 e5 2. Nf3 Nc6 3. Bb5 a6 4. Ba4 Nf6 5. d4 exd4 6. 0-0 Nxe4 7. Re1 d5 8. Nxd4 Bd6 9. Nxc6 Bxh2+ 10. Kf1 Qh4 11. Be3 0-0 12. Qxd5 Be6 13. Ne7+ Kh8 14. Nf5 Qg4 15. f3 Bxd5 16. fxg4 Bc4+ 17. Re2 g6 18. Nd4 Be5 19. Nc3 Nxc3 20. bxc3 c5 21. Bb3 cxd4 22. Bxc4 dxe3 23. Rxe3 Rac8 24. Bd5 Bxc3 25. Rb1 Bd4 26. Re2 b6 27. Rd1 Bc3 28. Rb1 Rc5 29. Bb7 Rb8 30. Bxa6 Ba5 31. Bd3 Rd8 32. Re7 Kg7 33. Ke2 Rd6 34. Rf1 Rf6 35. Rf3 Bc3 36. Rb7 Re5+ 37. Re3 Bd4 38. Rxe5 Bxe5 39. g5 Rc6 40. Be4 Rd6 41. c4 Bf4 42. Bd5 Bxg5 43. Rxf7+ Kh6 44. Rb7 Bf6 45. Kf3 Bd4 46. g4 Rd8 47. Rf7 Bc5 48. Kg3 1/2-1/2

[Event "HUN-chT2 Asztalos 0910"]
[Site "Hungary"]
[Date "2010.04.11"]
[Round "9"]
[White "Percze, Janos"]
[Black "Arato, Bela"]
[Result "1/2-1/2"]
[WhiteElo "2241"]
[BlackElo "2156"]
[PlyCount "62"]
[EventDate "2009.11.08"]
[EventType "team-tourn"]
[EventRounds "11"]
[EventCountry "HUN"]
[SourceTitle "EXT 2011"]
[Source "ChessBase"]
[SourceDate "2010.11.26"]
[SourceVersion "1"]
[SourceVersionDate "2010.11.26"]
[SourceQuality "1"]
[WhiteTeam "Nagyatad"]
[BlackTeam "Mohacs"]
[WhiteTeamCountry "HUN"]
[BlackTeamCountry "HUN"]

1. e4 c5 2. Nf3 d6 3. d4 cxd4 4. Nxd4 Nf6 5. Nc3 g6 6. Be3 Bg7 7. f3 0-0 8. Bc4 Nc6 9. Bb3 Bd7 10. Qd2 Rc8 11. h4 h5 12. 0-0-0 Na5 13. Bg5 Nc4 14. Qd3 b5 15. g4 Rc5 16. Bxf6 Bxf6 17. Nd5 e6 18. Nxf6+ Qxf6 19. gxh5 Rxh5 20. Bxc4 bxc4 21. Qxc4 e5 22. Nb3 Qxf3 23. Qd3 Qxd3 24. Rxd3 Bc6 25. Nd2 Rd8 26. c4 Kf8 27. Ra3 Rd7 28. Rhh3 Ke7 29. b4 Rc7 30. Ra6 Bb5 31. Ra5 Bd7 1/2-1/2

[Event "HUN-chT2 Asztalos 0809"]
[Site "Hungary"]
[Date "2008.12.21"]
[Round "4"]
[White "Baki, Peterne"]
[Black "Arato, Bela"]
[Result "0-1"]
[WhiteElo "2106"]
[BlackElo "2156"]
[PlyCount "128"]
[EventDate "2008.10.26"]
[EventType "team-tourn"]
[EventRounds "11"]
[EventCountry "HUN"]
[SourceTitle "EXT 2010"]
[Source "ChessBase"]
[SourceDate "2010.11.25"]
[SourceVersion "1"]
[SourceVersionDate "2010.11.25"]
[SourceQuality "1"]
[WhiteTeam "Dombovar"]
[BlackTeam "Mohacs"]
[WhiteTeamCountry "HUN"]
[BlackTeamCountry "HUN"]

1. e4 c5 2. Nc3 Nc6 3. Bb5 g6 4. Bxc6 bxc6 5. d3 d5 6. f4 Bg7 7. Nge2 d4 8. Nb1 Nf6 9. 0-0 c4 10. e5 cxd3 11. Qxd3 Bf5 12. Qc4 d3 13. Nd4 Ng4 14. Nxf5 gxf5 15. Qxc6+ Kf8 16. cxd3 Rc8 17. Qf3 Qd4+ 18. Kh1 Nf2+ 19. Rxf2 Rxc1+ 20. Rf1 Rxf1+ 21. Qxf1 Qxb2 22. Nc3 Bxe5 23. fxe5 Qxc3 24. Qe1 Qxd3 25. Rd1 Qe4 26. Qg3 Qg4 27. Rd8+ Kg7 28. Qxg4+ fxg4 29. Rd7 Rc8 30. h3 g3 31. Rd1 Rc2 32. a4 Ra2 33. Kg1 Rxa4 34. Kf1 Rf4+ 35. Ke2 Re4+ 36. Kf3 Rxe5 37. Ra1 a5 38. Kxg3 f5 39. Kf4 Kf6 40. Rb1 a4 41. Rb6+ Re6 42. Rb5 Re4+ 43. Kf3 h5 44. Ra5 h4 45. g4 hxg3 46. Kxg3 Kg5 47. Ra8 Re3+ 48. Kg2 Ra3 49. Ra5 Kf4 50. h4 Ra2+ 51. Kh3 Ra3+ 52. Kg2 Kg4 53. h5 f4 54. Re5 Ra2+ 55. Kg1 Rb2 56. h6 a3 57. h7 a2 58. Ra5 Kg3 59. Rg5+ Kf3 60. Ra5 Rb1+ 61. Kh2 Rb8 62. Ra3+ Kg4 63. Rxa2 Rh8 64. Rg2+ Kf5 0-1